000 00616nam a2200229 a 4500
005 20151123022720.0
008 140220b1994 ck ||||| |||| 00| 0 spa d
040 _aCO-BoIAVH
_cCO-BoIAVH
041 _aspa
044 _ack
090 _aLB
_b00253
100 _aAguilar P., Mauricio
_942537
245 _aClima, vegetación y especies de la Amazonia
260 _aBogotá
_bICN
_c1994?
300 _a46 p.
650 _aInventarios floristicos
_97117
650 _aClima
_942538
650 _aVegetación
_942539
662 _aColombia
_bAmazonas
700 _aRangel Ch., J. Orlando
_942540
942 _cINFORME
_2z
999 _c273
_d273